Character network analysis of two science fiction series : Stargate and Star Trek /
Saved in:
| Main Author: | |
|---|---|
| Format: | Thesis Book |
| Language: | English |
| Published: |
2018.
|
| Subjects: | |
| Online Access: | http://studentsrepo.um.edu.my/10209/ |
| Tags: |
Add Tag
No Tags, Be the first to tag this record!
|
| LEADER | 01407cam a2200361 i 4500 | ||
|---|---|---|---|
| 001 | u1112507 | ||
| 003 | SIRSI | ||
| 005 | 201905061126 | ||
| 008 | 190506s2018 my a m 000 0 eng | ||
| 040 | |a UMM |e rda | ||
| 090 | |a QA3 |b UMP 2018 Tan | ||
| 100 | 1 | |a Tan, Melody Shi Ai, |e author. | |
| 245 | 1 | 0 | |a Character network analysis of two science fiction series : |b Stargate and Star Trek / |c Melody Tan Shi Ai. |
| 264 | 1 | |c 2018. | |
| 300 | |a xix, 160 leaves : |b colour illustrations ; |c 30 cm | ||
| 336 | |a text |2 rdacontent | ||
| 337 | |a unmediated |2 rdamedia | ||
| 337 | |a computer |2 rdamedia | ||
| 338 | |a volume |2 rdacarrier | ||
| 338 | |a computer disc |2 rdacarrier | ||
| 502 | |b Ph.D. |c Institut Sains Matematik, Fakulti Sains, Universiti Malaya |d 2018. | ||
| 504 | |a Bibliography: leaves 134-146. | ||
| 530 | |a Also issued in CD. | ||
| 650 | 0 | |a Science fiction films |x History and criticism. | |
| 650 | 0 | |a Social networks. | |
| 650 | 0 | |a Star Trek films. | |
| 650 | 0 | |a Characters and characteristics. | |
| 710 | 2 | |a Universiti Malaya. |b Institut Sains Matematik, |e degree granting institution. | |
| 856 | 4 | 1 | |u http://studentsrepo.um.edu.my/10209/ |
| 900 | |a NNANS NSM | ||
| 596 | |a 1 25 | ||
| 999 | |a QA3 UMP 2018 TAN |w LC |c 1 |i A517305535 |f 21/5/2019 |g 1 |l STACKS |m P01UTAMA |r Y |s Y |t TESIS |u 21/5/2019 |1 STEM | ||
| 999 | |a QA3 UMP 2018 TAN |w LC |c 1 |i A517196282 |f 29/7/2019 |g 1 |l STACKS |m P25UMARCHI |r N |s Y |t CD |u 29/7/2019 |1 STEM | ||
